000 00305nam a22000977a 4500
008 130826b xxu||||| |||| 00| 0 eng d
010 _aHCCSF-124
245 _aHigh Court Civil Suit No. 975 of 1978 John Werukulu vs Uganda Breweries Ltd
260 _aUgnada High Court
_c9.1.1979
500 _3Justice J.H Ntabgoba
999 _c5619
_d5619